000 00261nam a22001217a 4500
008 170310b xxu||||| |||| 00| 0 eng d
041 _aeng
080 _24 ED
_a616.5
100 _a7
101 _aSHM
245 _aTEXBOOK DERMATOLOGY
_cROOK.A
942 _2udc
_cBK
999 _c7480
_d7480